Köstebek (Record no. 8911)

MARC details
000 -BAŞLIK
Sabit Uzunlukta Kontrol Alanı 01020na a2200337 4500
001 - KONTROL NUMARASI
Denetim Alanı 14690
003 - KONTROL NUMARASI IDENTIFIER
Denetim Alanı MIRAKIL
005 - SON İŞLEM TARİHİ VE ZAMANI
Denetim Alanı 20181213155228.0
008 - SABİT-BOY VERİ ELEMANLARI - GENEL BİLGİLER
Sabit Uzunlukta Kontrol Alanı 161024b tu 000 0
020 ## - ULUSLARARASI STANDART KİTAP NUMARASI
Uluslararası Standart Kitap Numarası 9756774940
035 ## - SİSTEM KONTROL NUMARASI
Sistem Kontrol Numarası 14690
040 ## - KATALOGLAMA KAYNAK
Orijinal Kataloglama Ajansı Milas
Kataloglama Dili tur
Metne Dönüştürmek Ajansı TR-AnCHP
041 ## - DİL KODU
Metin / Ses Parça Veya Ayrı Başlığın Dil Kodu tur
082 ## - DEWEY ONLU SINIFLANDIRMA NUMARASI
Sınıflandırma Numarası 320.9561
Ürün Numarası H21k 2003
090 ## - SINIFLAMA NUMARASI
Sınıflama Numarası 320.9561 H21k 2003
100 ## - ANA GİRİŞ - KİŞİSEL İSİM
Kişisel Ad Hablemitoğlu, Necip
245 ## - BAŞLIK TABLOSU
Başlık Köstebek
Sorumluluk Tablosu, Vb Necip Hablemitoğlu
260 ## - YAYIN, DAĞITIM, VB
Yayın, Dağıtım, Vb Yeri İstanbul
Yayıncı, Dağıtıcı, Vs Adı Toplumsal dönüşüm yayınları
Yayın, Dağıtım, Vb Tarihi 2003
300 ## - FİZİKSEL TANIM
Kapsam 416 s.
Boyutlar 20 sm.
490 ## - SERİSİ TABLOSU
Seri Beyanı Toplumsal Dönüşüm yayınları
Hacim / Ardışık Tanımı 207
490 ## - SERİSİ TABLOSU
Seri Beyanı Araştırma ve İnceleme
Hacim / Ardışık Tanımı 57
600 ## - KONU KATMA GİRİŞ - KURUMSAL ADI
Kişisel Ad Gülen, Fethullah
Genel Alt Bölümü Söylemler
600 ## - KONU KATMA GİRİŞ - KURUMSAL ADI
Kişisel Ad Gülen, Fethullah
Genel Alt Bölümü Eylemler
650 ## - KONU KATMA GİRİŞ - TOPİKAL DÖNEM
Topikal Süreli Veya Coğrafi Ad Giriş Elemanı Gülen cemaati
Genel Alt Bölümü Örgüt yapısı
650 ## - KONU KATMA GİRİŞ - TOPİKAL DÖNEM
Topikal Süreli Veya Coğrafi Ad Giriş Elemanı Gülen cemaati
Genel Alt Bölümü İstihbarat
650 ## - KONU KATMA GİRİŞ - TOPİKAL DÖNEM
Topikal Süreli Veya Coğrafi Ad Giriş Elemanı İslam ve siyaset
Coğrafi Alt Bölümü Türkiye
650 ## - KONU KATMA GİRİŞ - TOPİKAL DÖNEM
Topikal Süreli Veya Coğrafi Ad Giriş Elemanı İstihbaratçılar
651 ## - KONU KATMA GİRİŞ - COĞRAFİ ADI
Coğrafi İsim Türkiye
Genel Alt Bölümü Siyaset ve yönetim
Kronolojik Alt Bölümü 1980-
942 ## - EKLENDİ GİRİŞ ELEMANLARI (KOHA)
Sınıflandırma Veya Raf Düzeni Kaynak Dewey Decimal Classification
Koha Öğesi Türü Books
999 ## - SİSTEM KONTROL NUMARALARI (KOHA)
Koha Biblionumber 8911
Koha Biblioitemnumber 8911
657 ## - INDEX SÜRE - İŞLEVİ
-- Fetullahçı istihbaratçılar
Holdings
Kalıcı Konum Mevcut Konum Edinme Tarihi Edinim Kaynak Toplam Check-Out'Lar Toplam Yenileme Tam Çağrı Numarası Barkod Tarih Son Görülme Tarihi Geçen Teslim İtibaren Geçerli Fiyatlar Koha Öğesi Türü Kopya Sayısı
CHP Kütüphanesi CHP Kütüphanesi 08/30/2016 Bağış 2 1 320.9561 H21k 2003 001478 09/14/2020 07/27/2020 08/30/2016 Books  
CHP Kütüphanesi CHP Kütüphanesi 12/06/2016 Bağış     320.9561 H21k 2003 011003 12/06/2016   12/06/2016 Books k.3